000 00918nam a2200289 i 4500
003 EG-GICUC
005 20260223120621.0
008 260223s1955 -usab||fr|||| 001 0 eng d
040 _aEG-GiCUC
_beng
_cEG-GiCUC
_dEG-GiCUC
_erda
041 0 _aeng
082 0 4 _221
_a341.71060
_bAF
092 0 4 _221
099 _aLaw1 11 341.71060 AF 1955
245 0 0 _aAfrica Today /
_cEdited By C. Grove Haines.
264 3 _aBaltimore :
_bThe Johns Hopkins Press,
_c1955.
300 _a510 pages :
_billustrations,
_c24 cm.
336 _2rda content
_atext
337 _2rda media
_aComputer
338 _2rda carrier
_aOnline Resource
504 _aIncludes bibliographical references and index.
546 _aText in English
650 1 4 _aPublic international law
700 1 _aHaines, C. Grove
_eeditor.
856 4 0 _uhttps://fll.law.cu.edu.eg/fulltext/bks/B11-08359.pdf
905 _a48
942 _2ddc
_cBK
_e21
_n0
999 _c64062
_d64062